Design for church growth / (Record no. 3254)

MARC details
000 -LEADER
fixed length control field 00762nam a2200253 i 4500
001 - CONTROL NUMBER
control field 1305764
003 - CONTROL NUMBER IDENTIFIER
control field GBCCL
005 - DATE AND TIME OF LATEST TRANSACTION
control field 20241126110451.0
008 - FIXED-LENGTH DATA ELEMENTS--GENERAL INFORMATION
fixed length control field 780517s1977 tnua b 000 0 eng
010 ## -
-- 77087364
020 ## - INTERNATIONAL STANDARD BOOK NUMBER
International Standard Book Number 080546218X
040 ## - CATALOGING SOURCE
Original cataloging agency DLC
Transcribing agency DLC
Modifying agency DLC
050 00 -
-- BV652.25
-- .C45
082 00 - DEWEY DECIMAL CLASSIFICATION NUMBER
Classification number 254.5
Item number CHA
100 1# - MAIN ENTRY--PERSONAL NAME
Personal name Chaney, Charles L.,
Dates associated with a name 1934-
9 (RLIN) 6694
245 10 - TITLE STATEMENT
Title Design for church growth /
Statement of responsibility, etc. Charles L. Chaney, Ron S. Lewis.
260 ## - PUBLICATION, DISTRIBUTION, ETC.
Place of publication, distribution, etc. Nashville :
Name of publisher, distributor, etc. Broadman Press,
Date of publication, distribution, etc. c1977.
300 ## - PHYSICAL DESCRIPTION
Extent 216 p. :
Other physical details ill. ;
Dimensions 21 cm.
504 ## - BIBLIOGRAPHY, ETC. NOTE
Bibliography, etc. note Includes bibliographical references.
650 #0 - SUBJECT ADDED ENTRY--TOPICAL TERM
Topical term or geographic name entry element Church growth.
9 (RLIN) 291
700 1# - ADDED ENTRY--PERSONAL NAME
Personal name Lewis, Ron S.,
Relator term joint author.
9 (RLIN) 6695
906 ## - LOCAL DATA ELEMENT F, LDF (RLIN)
a 7
b cbc
c orignew
d 2
e opcn
f 19
g y-gencatlg
942 ## - ADDED ENTRY ELEMENTS (KOHA)
Source of classification or shelving scheme Dewey Decimal Classification
Koha item type Books
Koha issues (borrowed), all copies 8
Holdings
Withdrawn status Lost status Source of classification or shelving scheme Damaged status Not for loan Home library Current Library Shelving location Date acquired Total checkouts Total renewals Full call number Barcode Date last seen Date last checked out Copy number Price effective from Koha item type
    Dewey Decimal Classification     GRACE BIBLE COLLEGE GRACE BIBLE COLLEGE Ministry & Mission 2017-11-22 8 2 254.5 CHA 008035 2025-05-01 2024-02-05 c.1 2017-11-22 Books
© Grace Bible College Library 2025